All-time top 3000 US baby names (A-J) Quiz Stats

 Plays Quiz not verified by Sporcle

Score 0/153 Timer 20:00
0 Plays Today
Answer % Correct
Aidan- Alan
97.7%
Aaliyah- Abner
95.4%
Jewel- Joan
94%
Anita- Annamarie
91.5%
Alfred- Alisa
90.8%
Andra- Angela
90.7%
Damon- Danial
90.4%
Abraham- Adelaide
90.3%
Alex- Alfonso
88.7%
Beau- Benita
88.5%
Cheyenne- Christie
88.4%
Francesca- Fred
88.2%
Elisa- Elle
88.1%
Amira- Anderson
86.9%
Jacey- Jacque
86.8%
Anne- Antionette
86.1%
Eleanor- Elinor
86.1%
Hanna- Harriet
85.7%
David- Dayna
85.6%
Brendon- Brian
85.3%
Gonzalo- Greg
85.3%
Blair- Bobby
85.1%
Irene- Isabell
84.8%
Joel- Johnie
84.6%
Augusta- Avery
84.1%
Jonathon- Josef
84.1%
Danica- Danny
83.8%
Emilee- Emmett
83.5%
Jerrod- Jett
83.4%
Alisha- Allene
83.4%
Helen- Herschel
83.3%
Christin- Cierra
83.2%
Julianne- Justus
83.2%
Alysa- Amara
83.1%
Beryl- Betty
82.8%
Harriett- Hayden
82.8%
Amari- Amir
82.6%
George- Gerard
82.5%
Carmen- Carroll
82.4%
Domingo- Donn
82.2%
Jamaal- Jamie
82.2%
Earnestine- Edison
81.8%
Allie- Alphonse
81.6%
Jefferson- Jennifer
81.5%
Alana- Alec
81.3%
Cassie- Cayden
81%
Jamil- Janel
81%
Josefina- Josue
80.9%
Charley- Chaz
80.8%
Eunice- Evie
80.7%
Avis- Barbara
80.6%
Answer % Correct
Joana- Joe
80.4%
Cari- Carli
80.1%
Cale- Camille
80.1%
Hubert- Ida
79.5%
Adele- Adriane
79.3%
Chanel- Charles
79.3%
Diana- Dina
79.1%
Bronson- Bryanna
78.9%
Elvira- Emile
78.9%
Ester- Eula
78.8%
Jarrod- Jaxon
78.8%
Ashely- Ashton
78.5%
Cindi- Clark
78.4%
Carson- Cassidy
78.2%
Judi- Julianna
78.1%
Ellen- Elnora
78%
Cody- Collette
77.9%
Adrianna- Aida
77.8%
Bonita- Bradly
77.6%
Bettye- Blaine
77.4%
Hollie- Hoyt
77.2%
Conrad- Corey
76.8%
Erik- Errol
76.3%
Johnna- Jonathan
76.1%
Flora- Frances
76.1%
Edith- Edythe
75.8%
Armani- Ashanti
75.8%
Dennis- Deshawn
75.5%
Garnet- Gay
75.5%
Daisy- Damion
75.3%
Barbra- Beatriz
75.2%
Donna- Dorene
74.7%
Collin- Conor
74.7%
Araceli- Arianna
74.6%
Benito- Bernadine
74.6%
Brayden- Brenden
74.5%
Emmitt- Ericka
74.1%
Brady- Brayan
74%
Asia- August
73.9%
Campbell- Carey
73.4%
Jacquelin- Jadyn
73.3%
Douglas- Dustin
73.2%
Cortez- Cristopher
73.1%
Hailee- Hank
72.9%
Doretha- Doug
72.8%
Darrell- Dave
72.6%
Antoine- April
72.5%
Debora- Deja
72.5%
Bernard- Bertram
72.3%
Gregg- Guadalupe
72.2%
Haylee- Heidi
71.9%
Answer % Correct
Isabella- Issac
71.5%
Jenny- Jerri
71.5%
Jeanette- Jeff
71.4%
Briana- Brisa
71.3%
Burt- Caitlyn
71.2%
Ezekiel- Farrah
71.1%
Cristy- Dahlia
70.9%
Ferdinand- Flor
70.9%
Janell- Janiya
70.8%
Gabriel- Garland
70.6%
Dusty- Earnest
70.6%
Angelia- Anissa
70.3%
Dayton- Debby
70.2%
Freda- Frieda
70%
Jaylon- Jeana
69.7%
Jaxson- Jaylin
69.5%
Britney- Brody
69.5%
Chelsea- Cheyanne
69.3%
Journey- Jude
68.4%
Carlie- Carmelo
68.1%
Itzel- Jace
68.1%
Gideon- Giovanna
67%
Giovanni- Goldie
66.7%
Dante- Darien
64.9%
Gayla- Geoffrey
64.6%
Delores- Denise
64.2%
Imogene- Ira
63.9%
Delaney- Delois
63.5%
Gerardo- Gianni
63.2%
Aric- Armando
62.9%
Darin- Darrel
62.7%
Jaelyn- Jalen
62.3%
Deven- Diamond
61.5%
Cayla- Celia
61.4%
Celina- Chandra
61.2%
Effie- Eldon
60.8%
Alphonso- Alycia
60.8%
Alecia- Aletha
60.6%
Cleo- Coby
60.3%
Hershel- Holli
60%
Desirae- Devante
59.7%
Bryant- Burl
59.2%
Fatima- Felton
58.6%
Dinah- Domenic
57.9%
Eloise- Elvin
57.7%
Claud- Clementine
57.6%
Guillermo- Hadley
57.5%
Janiyah- Jarrett
57.5%
Cori- Corrine
53.3%
Idella- Imelda
50.2%
Ervin- Estelle
46.6%

You're not logged in!

Compare scores with friends on all Sporcle quizzes.
OR
Log In

Show Comments

Extras

Top Quizzes Today


Score Distribution

Your Account Isn't Verified!

In order to create a playlist on Sporcle, you need to verify the email address you used during registration. Go to your Sporcle Settings to finish the process.

Report this User

Report this user for behavior that violates our Community Guidelines.

Details: